Integrated principles of zoology. (رقم التسجيلة. 18917)

تفاصيل مارك
000 -الفاتح
حقل البيانات ثابتة الطول 00871pam a2200277 a 4500
001 - رقم الضبط
رقم الضبط 015610715
003 - محدد رقم الضبط
رقم الضبط Uk
005 - وقت وتاريخ اخر تعامل مع التسجيلة
رقم الضبط 20150408113951.0
008 - عناصر البيانات ثابتة الطول - معلومات عامة
حقل البيانات ثابتة الطول 111130s2011 nyua b 001 0 eng d
015 ## - رقم الببليوجرافية الوطنية
رقم الببليوجرافية الوطنية GBB088979
المصدر bnb
020 ## - الرقم الدولى المعيارى للكتب
الرقم الدولى المعيارى للكتاب 9780071221986 (pbk.)
020 ## - الرقم الدولى المعيارى للكتب
الرقم الدولى المعيارى للكتاب 0071221980 (pbk.)
040 ## - مصدر الفهرسة
وكالة الفهرسة الأصلية StDuBDS
لغة الفهرسة eng
وكالة النسخ StDuBDS
وكالة التعديل Uk
042 ## - رمز التحقق
رمز التحقق ukblsr
082 04 - رقم تصنيف ديوى العشرى
رقم التصنيف 590 I N P
رقم الطبعة 22
245 00 - بيان العنوان
العنوان Integrated principles of zoology.
250 ## - بيان الطبعة
بيان الطبعة International student ed., 15th ed. /
بقية بيان الطبعة Cleveland P. Hickman ... [et al.].
260 ## - PUBLICATION, DISTRIBUTION, ETC. (IMPRINT)
مكان الناشر او الموزع New York :
اسم الناشر او الموزع McGraw-Hill,
تاريخ النشر أو التوزيع c2011.
300 ## - الوصف المادى
التعداد xv, 842 p. :
تفاصيل ماديه اخرى للوعاء ill. (some col.) ;
أبعاد الوعاء 28 cm.
500 ## - تبصرة عامة
تبصرة عامة Formerly CIP.
الهيئة التي ينطبق عليها الحقل Uk
504 ## - تبصرة ببليوجرافية
تبصرة ببليوجرافية,الخ Includes bibliographical references and index.
650 #0 - المدخل الاضافى بالموضوع-مصطلح موضوعى
مصطلح موضوعي أو اسم جغرافي كعنصر مدخل Zoology.
9 (RLIN) 6596
700 1# - المدخل الاضافى - اسم شخصى
الإسم الشخصى Hickman, Cleveland P.
9 (RLIN) 6597
942 ## - عناصر المدخل الإضافي( كوها)
مصدر التصنيف او مخطط الترفيف Dewey Decimal Classification
Koha [default] item type DVD
المقتنيات
حالة الفقد نموذج السعر الفعال حالة تلف ليس للاعارة رقم الطلب تاريخ الاكتساب مصدر التزويد الموقع الحالي الباركود الفرع الرئيسي Date last seen نوع المادة فى نظام كوها مصدر التصنيف او خطة الترفيف Total Checkouts
  2013-03-10     590 I N P 2012-12-27   المكتبة المركزية بالمجمعة (CL) 00400696 المكتبة المركزية بالمجمعة (CL) 2013-03-10 كتاب Dewey Decimal Classification  
  2013-03-10     590 I N P 2012-12-27   المكتبة المركزية بالمجمعة (CL) 00400697 المكتبة المركزية بالمجمعة (CL) 2013-03-10 كتاب Dewey Decimal Classification  
  2013-03-10     590 I N P 2012-12-27   المكتبة المركزية بالمجمعة (CL) 00400698 المكتبة المركزية بالمجمعة (CL) 2013-03-10 كتاب Dewey Decimal Classification  
  2013-03-10     590 I N P 2011-11-30 MU مكتبة مجمع الطالبات بالمجمعة (EMF) 00101394 مكتبة مجمع الطالبات بالمجمعة (EMF) 2013-03-10 كتاب Dewey Decimal Classification  
  2013-03-10     590 I N P 2011-11-30 MU مكتبة مجمع الطالبات بالمجمعة (EMF) 00101393 مكتبة مجمع الطالبات بالمجمعة (EMF) 2013-03-10 كتاب Dewey Decimal Classification  
  2013-03-10     590 I N P 2011-12-02   مكتبة مجمع الطالبات بالمجمعة (EMF) 00101290 مكتبة مجمع الطالبات بالمجمعة (EMF) 2013-03-10 كتاب Dewey Decimal Classification  
  2013-03-10     590 I N P 2011-12-02   مكتبة مجمع الطالبات بالمجمعة (EMF) 00101291 مكتبة مجمع الطالبات بالمجمعة (EMF) 2013-03-10 كتاب Dewey Decimal Classification